Normal view
MARC view
- Using turbo
Entry Topical Term
001 - CONTROL NUMBER
- control field: 96890
003 - CONTROL NUMBER IDENTIFIER
- control field: NUST
005 - DATE AND TIME OF LATEST TRANSACTION
- control field: 20220811144232.0
008 - FIXED-LENGTH DATA ELEMENTS
- fixed length control field: 220811|| aca||aabn | a|a d
040 ## - CATALOGING SOURCE
- Original cataloging agency: NUST
- Transcribing agency: NUST
150 ## - HEADING--TOPICAL TERM
- Topical term or geographic name entry element: Using turbo
670 ## - SOURCE DATA FOUND
- Source citation: Work cat.: (NUST)176190: Berlinger, Eli 96889, Program CSI,uses turbo pascal /, 1991
